| 000 | 00649nam a22002057a 4500 | ||
|---|---|---|---|
| 999 |
_c15446 _d15446 |
||
| 003 | AR-CdUCM | ||
| 008 | 190427b ||||| |||| 00| 0 spa d | ||
| 040 |
_aMUNICIPALIDAD PROVINCIAL DEL CUSCO _cBIBLIOTECA MUNICIPAL DEL CUSCO |
||
| 082 |
_a373.1 / _bH55 / 1949 |
||
| 100 |
_aHernandez Ruiz, Santiago _95211 |
||
| 245 | _aMetodología general de la enseñanza / | ||
| 260 |
_aMéxico : _bUTEHA, _c1949. |
||
| 300 |
_a729 paginas ; _c23 cm. |
||
| 505 | _aContenido :Métodos lógicos de enseñanza / | ||
| 650 |
_aEducación _9460 |
||
| 650 |
_aEnseñanza _91616 |
||
| 650 |
_aMetodos _920839 |
||
| 942 |
_2ddc _cLIBROS |
||
| 945 |
_arjall _d2019-04-27 |
||